100 meilleurs joueurs de FIFA 16 - Statistiques

Statistiques générales
  • Ce quiz a été pris 100 fois
  • Le résultat moyen est 77 sur 100
Statistiques - réponses
Poste Club Nationalité Note Réponse % Correct
AG Real Madrid Portugal 93 Cristiano Ronaldo
100%
AD FC Barcelone Argentine 94 Lionel Messi
100%
AG FC Barcelone Brésil 90 Neymar
100%
MG Chelsea Belgique 89 Eden Hazard
99%
BU FC Barcelone Uruguay 90 Luis Suarez
99%
BU Bayern Munich Pologne 88 Robert Lewandowski
99%
MOC Manchester City Espagne 88 David Silva
98%
G Bayern Munich Allemagne 90 Manuel Neuer
98%
DC PSG Brésil 88 Thiago Silva
98%
BU Manchester United Suède 89 Zlatan Ibrahimovic
98%
MC FC Barcelone Espagne 88 Andres Iniesta
94%
MG Bayern Munich France 87 Franck Ribery
94%
MD Real Madrid Pays de Galles 87 Gareth Bale
94%
MC Real Madrid Croatie 87 Luka Modric
94%
MC Real Madrid Allemagne 87 Toni Kroos
94%
MOC Real Madrid Colombie 87 James Rodriguez
93%
MOC Manchester City Belgique 86 Kevin De Bruyne
93%
MOC Arsenal Allemagne 88 Mesut Ozil
93%
MD Bayern Munich Pays Bas 90 Arjen Robben
92%
BU Real Madrid France 86 Karim Benzema
92%
DC Real Madrid Espagne 87 Sergio Ramos
92%
G Chelsea Belgique 86 Thibaud Courtois
92%
AD PSG Argentine 86 Angel Di María
91%
BU PSG Uruguay 85 Edinson Cavani
91%
MC Manchester United France 86 Paul Pogba
91%
BU Manchester City Argentine 88 Sergio Aguero
91%
AT Bayern Munich Allemagne 86 Thomas Muller
90%
G Manchester United Espagne 86 David De Gea
88%
BU Manchester United Angleterre 86 Wayne Rooney
88%
BU Atlético Madrid France 84 Antoine Griezmann
86%
MC Bayern Munich Chili 86 Arturo Vidal
86%
G Juventus Italie 84 Gianluigi Buffon
86%
MDC FC Barcelone Espagne 86 Sergio Busquets
86%
DC Juventus Italie 87 Giorgio Chiellini
85%
G Arsenal République Tchèque 86 Petr Cech
85%
MC Manchester City Côte d'Ivoire 85 Yaya Touré
85%
AG Arsenal Chili 86 Alexis Sánchez
84%
DD FC Barcelone Brésil 84 Dani Alves
84%
G Tottenham France 85 Hugo Lloris
84%
MC FC Barcelone Croatie 85 Ivan Rakitic
84%
BU Boca Junior Argentine 86 Carlos Tévez
83%
BU Juventus Argentine 86 Gonzalo Higuaín
83%
MG Borussia Dortmund Allemagne 86 Marco Reus
83%
DC Real Madrid Portugal 84 Pepe
83%
DC Manchester City Belgique 85 Vincent Kompany
83%
DG Bayern Munich Autriche 85 David Alaba
82%
DC FC Barcelone Espagne 85 Gerard Piqué
82%
DC Bayern Munich Allemagne 87 Jerome Boateng
82%
DC Borussia Dortmund Allemagne 86 Mats Hummels
82%
BU Borussia Dortmund Gabon 84 Pierre-Emerick Aubameyang
82%
MC Chelsea Espagne 87 Cesc Fàbregas
81%
DC Atlético Madrid Uruguay 86 Diego Godin
81%
DG Real Madrid Brésil 83 Marcelo
81%
MDC Bayern Munich Allemagne 87 Philipp Lahm
78%
BU Lyon France 84 Alexandre Lacazette
77%
G Marseille France 83 Steve Mandanda
77%
BU Chelsea Espagne 86 Diego Costa
76%
MC New York City FC Italie 84 Andrea Pirlo
75%
MC PSG Italie 84 Marco Verratti
75%
DC Chelsea Angleterre 85 John Terry
74%
DC Chelsea Brésil 83 David Luiz
73%
DG FC Barcelone Espagne 84 Jordi Alba
73%
MOC Tottenham Danemark 83 Christian Eriksen
72%
AD Zenit St Pétersbourg Brésil 84 Hulk
72%
MC Manchester United Allemagne 86 Bastian Schweinsteiger
70%
DC FC Barcelone Argentine 83 Javier Mascherano
70%
BU Fenerbahçe Pays Bas 84 Robin Van Persie
70%
MDC PSG France 84 Blaise Matuidi
69%
BU Juventus Croatie 83 Mario Mandžukic
69%
MOC Liverpool Brésil 84 Coutinho
68%
MOC Real Madrid Espagne 84 Isco
68%
G Inter Milan Slovénie 84 Samir Handanovic
68%
MC PSG Argentine 84 Javier Pastore
67%
MC AS Rome Bosnie 84 Miralem Pjanic
67%
MD FC Barcelone Turquie 83 Arda Turan
66%
DC Arsenal France 84 Laurent Koscielny
66%
MOC Naples Slovaquie 83 Marek Hamšik
66%
DC Bayern Munich Maroc 84 Mehdi Benatia
66%
DC Manchester City Argentine 84 Nicolás Otamendi
65%
MOC Chelsea Brésil 84 Oscar
65%
BU Atlético Madrid Colombie 84 Jackson Martínez
64%
DC Bayern Munich Espagne 84 Javi Martinez
64%
MDC AS Rome Italie 83 Daniele De Rossi
61%
DC Juventus Italie 84 Andrea Barzagli
57%
MD Manchester United Espagne 84 Juan Mata
57%
MC Los Angeles Galaxy Angleterre 84 Steven Gerrard
57%
G Torino Angleterre 84 Joe Hart
56%
MOC Galatasaray Pays Bas 84 Wesley Sneijder
56%
MDC Bayern Munich Espagne 84 Xabi Alonso
55%
MOC Bayern Munich Allemagne 84 Mario Götze
53%
MOC Arsenal Espagne 85 Santi Cazorla
53%
MC Juventus Italie 84 Claudio Marchisio
51%
MDC Chelsea Serbie 84 Nemanja Matić
50%
G FC Porto Espagne 84 Iker Casillas
48%
DC Inter Milan Brésil 85 Miranda
47%
DC Arsenal Allemagne 83 Per Mertesacker
44%
G Bayer Leverkusen Allemagne 84 Bernd Leno
43%
DC Schalke 04 Brésil 85 Naldo
39%
MC AS Monaco Portugal 83 João Moutinho
36%
DG Everton Angleterre 83 Leighton Baines
25%
Aucun quiz correspondant
Distribution des résultats
% des personnes avec chaque résultat
Percentile par nombre de réponses
Votre historique - résultats
Vous n’avez pas pris ce quiz